ជម្ងឺអាសន្នរោគមាន់នៅប្រទេសកម្ពុជា (Record no. 1709)
[ view plain ]
| 000 -LEADER | |
|---|---|
| fixed length control field | 00498nam a22001577a 4500 |
| 003 - CONTROL NUMBER IDENTIFIER | |
| control field | OSt |
| 005 - DATE AND TIME OF LATEST TRANSACTION | |
| control field | 20151002162820.0 |
| 008 - FIXED-LENGTH DATA ELEMENTS--GENERAL INFORMATION | |
| fixed length control field | 151002b xxu||||| |||| 00| 0 eng d |
| 040 ## - CATALOGING SOURCE | |
| Transcribing agency | RUA |
| 082 ## - DEWEY DECIMAL CLASSIFICATION NUMBER | |
| Classification number | AVM ហុក 1992 B066 Or.1 |
| 100 ## - MAIN ENTRY--PERSONAL NAME | |
| 9 (RLIN) | 1810 |
| Personal name | ហុក ច័ន្ទផល្លាក |
| 245 ## - TITLE STATEMENT | |
| Title | ជម្ងឺអាសន្នរោគមាន់នៅប្រទេសកម្ពុជា |
| 260 ## - PUBLICATION, DISTRIBUTION, ETC. (IMPRINT) | |
| Place of publication, distribution, etc. | Phnom Penh |
| Name of publisher, distributor, etc. | RUA |
| Date of publication, distribution, etc. | 1992 |
| 300 ## - PHYSICAL DESCRIPTION | |
| Extent | 53p. |
| Other physical details | ill. |
| Dimensions | 29cm. |
| 942 ## - ADDED ENTRY ELEMENTS (KOHA) | |
| Source of classification or shelving scheme | |
| Koha item type | AVM |
| Price effective from | Date last seen | Permanent Location | Not for loan | Date acquired | Source of classification or shelving scheme | Koha item type | Lost status | Withdrawn status | Date last checked out | Total Checkouts | Shelving location | Damaged status | Barcode | Current Location | Full call number |
|---|---|---|---|---|---|---|---|---|---|---|---|---|---|---|---|
| 2015-10-02 | 2016-05-31 | Library Block B | 2015-10-02 | AVM | 2016-05-31 | 2 | B066 | RUA007547 | Library Block B | AVM ហុក 1992 B066 Or.1 | |||||
| 2015-10-02 | 2015-10-02 | Library Block B | 2015-10-02 | AVM | B066 | RUA007417 | Library Block B | AVM ហុក 1992 B066 Or.2 | |||||||
| 2015-10-02 | 2016-07-16 | Library Block B | 2015-10-02 | AVM | 2016-07-02 | 1 | B066 | RUA007114 | Library Block B | AVM ហុក 1992 B066 Or.3 | |||||
| 2015-10-02 | 2015-10-02 | Library Block B | 2015-10-02 | AVM | B066 | RUA007108 | Library Block B | AVM ហុក 1992 B066 Or.4 | |||||||
| 2015-10-02 | 2015-10-02 | Library Block B | 2015-10-02 | AVM | B066 | RUA007042 | Library Block B | AVM ហុក 1992 B066 Or.5 |